| 000 | 00827nam a2200229 a 4500 | ||
|---|---|---|---|
| 003 | CBULib | ||
| 005 | 20250725093127.0 | ||
| 008 | 091215s2001 ||||||||||||||||| || u | ||
| 040 |
_aCBULib _bEnglish _cCBULib _dCBULib _erda |
||
| 050 | _aPAPERS/STAFF/M.J.KELLY | ||
| 100 | _aKelly, M. J | ||
| 245 | 1 | 4 |
_aThe respone of Information Technology to the challenge of HIV/AIDS in higher education institutions in Africa _c/by M.J.Kelly |
| 260 |
_aLusaka _bUniversity of Zambia, School of Education _c2001 |
||
| 300 | _a16pages | ||
| 336 |
_2rdacontent _aText | _btxt |
||
| 337 |
_2rdamedia _aUnmediated | _bc |
||
| 338 |
_2rdacarrier _aVolume _bnc |
||
| 650 | _aHIV/AIDS PREVENTION AND CARE--ZAMBIA | ||
| 650 | _aHIV/AIDS--AFRICA | ||
| 942 |
_2mc _c023 |
||
| 999 |
_c56390 _d56390 |
||